[Event "13. Memorial Adolfo Pedrido"]
[Site "Villagarcía de Arosa ESP"]
[Date "2005.08.03"]
[Round "3.1"]
[White "Gongora, Maikel"]
[Black "Espiñeira Gonzalez, Diego"]
[Result "0-1"]
[WhiteElo "2466"]
[BlackElo "2310"]
[PlyCount "198"]
[EventDate "2005.08.01"]
[EventType "swiss"]
[EventRounds "9"]
[EventCountry "ESP"]
[Source "lmi"]
[SourceDate "2005.08.09"]

1. e4 e6 2. d4 d5 3. Nc3 Bb4 4. e5 Ne7 5. a3 Bxc3+ 6. bxc3 c5 7. Qg4 Kf8 8. a4
Nbc6 9. Nf3 Qa5 10. Bd2 Bd7 11. Be2 Rc8 12. O-O Qc7 13. h4 h5 14. Qf4 Nf5 15.
Bd3 Nce7 16. Rfe1 Rh6 17. dxc5 Rg6 18. Ng5 Qxc5 19. Bc1 Qxc3 20. Ba3 Ke8 21.
Bb4 Rc4 22. Bxc3 Rxf4 23. g3 Rxa4 24. Rxa4 Bxa4 25. Rc1 b5 26. Kf1 Nc6 27. Re1
Rh6 28. Bxf5 exf5 29. e6 fxe6 30. Nxe6 Kd7 31. Nc5+ Kc7 32. Bxg7 Rg6 33. c3 Kb6
34. Ne6 Bb3 35. Bf8 Bc4+ 36. Kg2 Rxe6 37. Rxe6 d4 38. Re1 dxc3 39. Re3 b4 40.
Bxb4 Nxb4 41. Rxc3 Bd5+ 42. Kf1 a5 43. f3 Be6 44. Re3 Bc4+ 45. Kg2 Nd3 46. g4
fxg4 47. fxg4 a4 48. Re8 a3 49. Rb8+ Ka5 50. Rb1 hxg4 51. Kg3 a2 52. Ra1 Ne5
53. h5 Kb4 54. Kf4 Nd7 55. Kxg4 Ka3 56. Kg5 Kb2 57. Rxa2+ Bxa2 58. Kg6 Nf8+ 59.
Kg7 Ne6+ 60. Kf6 Nf8 61. h6 Bb1 62. Kf7 Nh7 63. Ke6 Kc3 64. Ke5 Kc4 65. Kd6 Kd4
66. Ke6 Ke4 67. Kd6 Kf5 68. Kd5 Kg6 69. Kd4 Bf5 70. Ke5 Bc2 71. Kf4 Kxh6 72.
Kg4 Nf6+ 73. Kf4 Kg6 74. Ke5 Kg5 75. Ke6 Bb3+ 76. Ke5 Bc2 77. Kd4 Kf4 78. Kc5
Ke5 79. Kb4 Kd4 80. Kb5 Be4 81. Kb6 Kc4 82. Ka5 Nd7 83. Ka4 Kc3 84. Kb5 Kb3 85.
Ka5 Bc6 86. Ka6 Kb4 87. Ka7 Kc5 88. Ka6 Ne5 89. Ka5 Nc4+ 90. Ka6 Ne5 91. Ka5
Nc4+ 92. Ka6 Bd5 93. Ka7 Kc6 94. Kb8 Be6 95. Ka7 Kc7 96. Ka6 Bd7 97. Ka7 Bb5
98. Ka8 Bc6+ 99. Ka7 Be8 0-1

[Event "13. Memorial Adolfo Pedrido"]
[Site "Villagarcía de Arosa ESP"]
[Date "2005.08.03"]
[Round "3.2"]
[White "Manolache, Marius"]
[Black "Pena Gomez, Manuel"]
[Result "1-0"]
[WhiteElo "2462"]
[BlackElo "2297"]
[PlyCount "66"]
[EventDate "2005.08.01"]
[EventType "swiss"]
[EventRounds "9"]
[EventCountry "ESP"]
[Source "lmi"]
[SourceDate "2005.08.09"]

1. d4 Nf6 2. Nf3 e6 3. e3 b6 4. Bd3 Bb7 5. O-O c5 6. c4 Be7 7. Nc3 O-O 8. d5
exd5 9. cxd5 d6 10. e4 Nbd7 11. h3 g6 12. a4 Re8 13. Re1 Bf8 14. Bf4 Qc7 15. b3
h6 16. Rc1 Rac8 17. Kh1 Kh8 18. Bh2 g5 19. Re3 Bg7 20. Ne2 g4 21. Nh4 gxh3 22.
Rxh3 Nxe4 23. Bxe4 Rxe4 24. Nf5 Rce8 25. Nxg7 Kxg7 26. Qd2 Rh8 27. Qc3+ f6 28.
Nf4 Rxf4 29. Bxf4 Bxd5 30. Rd1 Be4 31. Rxd6 Qb7 32. Rg3+ Kf7 33. Qc4+ Kf8 1-0

[Event "13. Memorial Adolfo Pedrido"]
[Site "Villagarcía de Arosa ESP"]
[Date "2005.08.03"]
[Round "3.3"]
[White "Dimitrov, Vladimir"]
[Black "Hernandez, Holden"]
[Result "1/2-1/2"]
[WhiteElo "2418"]
[BlackElo "2458"]
[PlyCount "47"]
[EventDate "2005.08.01"]
[EventType "swiss"]
[EventRounds "9"]
[EventCountry "ESP"]
[Source "lmi"]
[SourceDate "2005.08.09"]

1. e4 e5 2. Nf3 Nf6 3. Bb5 a6 4. Ba4 Nc6 5. O-O Be7 6. Re1 b5 7. Bb3 O-O 8. a4
b4 9. d3 d6 10. a5 Be6 11. Nbd2 Bxb3 12. Nxb3 d5 13. Bg5 Rc8 14. Bh4 d4 15.
Bxf6 Bxf6 16. Nfd2 g6 17. Nc4 Bg7 18. g3 Rb8 19. Qg4 h5 20. Qh3 Rb5 21. Re2 Nb8
22. Rf1 Nd7 23. Kh1 Nf6 24. f3 1/2-1/2

[Event "13. Memorial Adolfo Pedrido"]
[Site "Villagarcía de Arosa ESP"]
[Date "2005.08.03"]
[Round "3.4"]
[White "Danilov, Vladimir"]
[Black "Iotov, Valentin"]
[Result "0-1"]
[WhiteElo "2363"]
[BlackElo "2447"]
[PlyCount "86"]
[EventDate "2005.08.01"]
[EventType "swiss"]
[EventRounds "9"]
[EventCountry "ESP"]
[Source "lmi"]
[SourceDate "2005.08.09"]

1. d4 Nf6 2. c4 e6 3. Nc3 Bb4 4. Bg5 h6 5. Bh4 c5 6. d5 b5 7. e4 exd5 8. exd5
O-O 9. Bd3 bxc4 10. Bxc4 Qe8+ 11. Nge2 Qe4 12. Bxf6 Qxc4 13. O-O gxf6 14. Qd2
Bxc3 15. Nxc3 Kg7 16. Rfe1 f5 17. Re3 Qd4 18. Rd3 Qf6 19. Qf4 Re8 20. Rg3+ Kh7
21. Rh3 d6 22. Nb5 Re4 23. Qxd6 Nd7 24. Qc6 Qxc6 25. dxc6 Ne5 26. c7 Bd7 27.
Nc3 Rd4 28. f4 Ng6 29. Rd1 Rxd1+ 30. Nxd1 Rc8 31. Rc3 Rxc7 32. g3 Be6 33. Ne3
Ne7 34. b3 Nd5 35. Nxd5 Bxd5 36. Kf2 Kg7 37. b4 Bxa2 38. bxc5 Kf6 39. Ra3 Bc4
40. Ke3 a6 41. Kd4 Bb5 42. Ra2 Rd7+ 43. Kc3 Ke6 0-1

[Event "13. Memorial Adolfo Pedrido"]
[Site "Villagarcía de Arosa ESP"]
[Date "2005.08.03"]
[Round "3.5"]
[White "Abreu, Aryam"]
[Black "Pena Torres, Jose Carlos"]
[Result "1/2-1/2"]
[WhiteElo "2442"]
[BlackElo "2110"]
[PlyCount "112"]
[EventDate "2005.08.01"]
[EventType "swiss"]
[EventRounds "9"]
[EventCountry "ESP"]
[Source "lmi"]
[SourceDate "2005.08.09"]

1. e4 e6 2. d4 d5 3. Nc3 Bb4 4. e5 c5 5. a3 Bxc3+ 6. bxc3 Ne7 7. Qg4 Kf8 8. Bd2
b6 9. h4 Ba6 10. Bxa6 Nxa6 11. h5 h6 12. Qf3 Rc8 13. Ne2 Rc6 14. Rh4 Nb8 15.
Rf4 Qe8 16. a4 Nd7 17. Rb1 Kg8 18. a5 f6 19. exf6 Nxf6 20. axb6 axb6 21. Ng3
Nf5 22. Nxf5 exf5+ 23. Be3 Qxh5 24. Qxh5 Nxh5 25. Rxf5 Nf6 26. dxc5 bxc5 27.
Rb5 d4 28. cxd4 cxd4 29. Bxd4 Rxc2 30. Bxf6 gxf6 31. Rb8+ Kg7 32. Rxh8 Kxh8 33.
Rxf6 Kg7 34. Rd6 h5 35. Kf1 Ra2 36. Kg1 Rb2 37. f3 Ra2 38. Kh2 Rb2 39. Kh3 Ra2
40. g3 Ra3 41. f4 Ra1 42. Kh4 Rg1 43. Rd5 Rh1+ 44. Kg5 Rh3 45. Rd7+ Kg8 46. Rd3
Kf7 47. f5 h4 48. Rd7+ Ke8 49. Rh7 Rxg3+ 50. Kf6 h3 51. Rh8+ Kd7 52. Kf7 Rf3
53. f6 Kd6 54. Rh4 Ke5 55. Rh6 h2 56. Ke7 Rxf6 1/2-1/2

[Event "13. Memorial Adolfo Pedrido"]
[Site "Villagarcía de Arosa ESP"]
[Date "2005.08.03"]
[Round "3.6"]
[White "Sanchez Aller, Fernando"]
[Black "Nanu, Ciprian"]
[Result "0-1"]
[WhiteElo "2261"]
[BlackElo "2434"]
[PlyCount "102"]
[EventDate "2005.08.01"]
[EventType "swiss"]
[EventRounds "9"]
[EventCountry "ESP"]
[Source "lmi"]
[SourceDate "2005.08.09"]

1. e4 g6 2. d4 Bg7 3. Nf3 d6 4. Nc3 Nf6 5. Bf4 O-O 6. Qd2 Bg4 7. Be2 c5 8. dxc5
dxc5 9. O-O-O Nc6 10. h3 Qxd2+ 11. Rxd2 Be6 12. Ng5 Bc8 13. e5 Ne8 14. Rd5 h6
15. Nf3 Nc7 16. Rd2 Ne6 17. Bh2 Ned4 18. Re1 Nxe2+ 19. Rexe2 Be6 20. Nd5 Rad8
21. Nf4 Rxd2 22. Nxd2 Nd4 23. Re3 Bd7 24. c3 Ne6 25. Nd5 Re8 26. Rd3 Bc6 27. f4
Kf8 28. c4 Nd4 29. Ne4 b6 30. Kd2 f5 31. Nec3 e6 32. Bg1 exd5 33. cxd5 Bd7 34.
Bxd4 cxd4 35. Rxd4 Rc8 36. Kd3 Ke7 37. a4 g5 38. g3 h5 39. h4 gxh4 40. gxh4 Bh6
41. Nb5 Rc1 42. Nxa7 Rd1+ 43. Kc4 Rxd4+ 44. Kxd4 Bxf4 45. b3 Bg3 46. e6 Be8 47.
Nc8+ Kd8 48. d6 Kxc8 49. d7+ Bxd7 50. exd7+ Kxd7 51. b4 Ke6 0-1

[Event "13. Memorial Adolfo Pedrido"]
[Site "Villagarcía de Arosa ESP"]
[Date "2005.08.03"]
[Round "3.7"]
[White "Torrado Quintela, Julio"]
[Black "Garcia Castro, Pablo"]
[Result "0-1"]
[WhiteElo "2180"]
[BlackElo "2377"]
[PlyCount "70"]
[EventDate "2005.08.01"]
[EventType "swiss"]
[EventRounds "9"]
[EventCountry "ESP"]
[Source "lmi"]
[SourceDate "2005.08.09"]

1. e4 c6 2. Nc3 e5 3. Nf3 d6 4. d4 Nd7 5. Bc4 Be7 6. a4 Ngf6 7. O-O O-O 8. a5
Qc7 9. dxe5 dxe5 10. Qe2 Bb4 11. Ng5 Bxc3 12. bxc3 h6 13. Nxf7 Rxf7 14. Bxf7+
Kxf7 15. Qc4+ Ke7 16. Ba3+ c5 17. f4 Rb8 18. Rad1 b6 19. axb6 axb6 20. Qd3 exf4
21. e5 Nxe5 22. Rde1 Kf8 23. Qe2 Ng6 24. Qd3 Ne7 25. Bc1 Bf5 26. Qc4 g5 27. g3
b5 28. Qa2 fxg3 29. Re6 gxh2+ 30. Kh1 Kg7 31. Qa6 Qb7+ 32. Qxb7 Rxb7 33. Re5
Ng4 34. Rfxf5 Nxf5 35. Rxf5 Re7 0-1

[Event "13. Memorial Adolfo Pedrido"]
[Site "Villagarcía de Arosa ESP"]
[Date "2005.08.03"]
[Round "3.8"]
[White "Casanova Nuñez, Javier"]
[Black "Astaneh Lopez, Alex"]
[Result "0-1"]
[WhiteElo "2130"]
[BlackElo "2304"]
[PlyCount "152"]
[EventDate "2005.08.01"]
[EventType "swiss"]
[EventRounds "9"]
[EventCountry "ESP"]
[Source "lmi"]
[SourceDate "2005.08.09"]

1. e4 c5 2. Nf3 d6 3. g3 Nf6 4. d3 Nc6 5. Bg2 g6 6. O-O Bg7 7. c3 O-O 8. Nbd2
e5 9. Nc4 b5 10. Ne3 Bb7 11. a4 a6 12. axb5 axb5 13. Rxa8 Bxa8 14. Bd2 c4 15.
dxc4 bxc4 16. Nxc4 Nxe4 17. Be3 d5 18. Ncd2 Nxd2 19. Qxd2 Qb8 20. Bc5 Rd8 21.
b4 d4 22. cxd4 e4 23. Ng5 Nxd4 24. Qe3 Nf5 25. Qa3 Re8 26. Re1 e3 27. fxe3 Bxg2
28. Kxg2 Qb7+ 29. Kf2 Qd5 30. Nf3 h5 31. Qc1 Bh6 32. Qc2 Qe6 33. Qd3 Ra8 34. e4
Ng7 35. Qd5 Qe8 36. Be3 Bxe3+ 37. Rxe3 Ne6 38. Re2 Qa4 39. Qb7 Qe8 40. b5 Qf8
41. Rc2 Rb8 42. Qc6 Qb4 43. Qc4 Rxb5 44. Qxb4 Rxb4 45. Ke3 Rb3+ 46. Ke2 Kg7 47.
Ra2 g5 48. Ra5 Rb2+ 49. Ke3 g4 50. Nh4 Kh6 51. Nf5+ Kh7 52. Ra7 Kg6 53. Ne7+
Kf6 54. Nd5+ Kg7 55. Nf4 Rb3+ 56. Kf2 Rf3+ 57. Kg2 Nxf4+ 58. gxf4 h4 59. e5 Kf8
60. Ra4 h3+ 61. Kg1 Ke7 62. Rd4 Ke6 63. Rd6+ Kf5 64. Rf6+ Ke4 65. Rxf7 Ke3 66.
Ra7 Kxf4 67. Ra4+ Kf5 68. Ra5 Rb3 69. Kf2 Rb2+ 70. Kg3 Rg2+ 71. Kh4 Ke6 72. Ra4
Kf5 73. e6 Rxh2 74. Rxg4 Rg2 75. Rxg2 hxg2 76. e7 g1=Q 0-1

[Event "13. Memorial Adolfo Pedrido"]
[Site "Villagarcía de Arosa ESP"]
[Date "2005.08.03"]
[Round "3.10"]
[White "Teijeiro Barros , Alberto"]
[Black "Casares Cabanas, Carlos"]
[Result "0-1"]
[WhiteElo "2270"]
[BlackElo "2116"]
[PlyCount "82"]
[EventDate "2005.08.01"]
[EventType "swiss"]
[EventRounds "9"]
[EventCountry "ESP"]
[Source "lmi"]
[SourceDate "2005.08.09"]

1. Nf3 Nf6 2. c4 g6 3. Nc3 Bg7 4. e4 d6 5. d4 O-O 6. Be2 e5 7. O-O Nc6 8. d5
Ne7 9. b4 Nh5 10. g3 Kh8 11. Nh4 Bh3 12. Re1 Nf6 13. Bg5 Neg8 14. Rb1 h6 15.
Be3 h5 16. f3 Nh7 17. Qd2 Bd7 18. g4 Bf6 19. Ng2 Ng5 20. h4 Nh7 21. Rf1 Bg7 22.
f4 exf4 23. Nxf4 Qe7 24. Bd4 Rae8 25. Rbe1 Be5 26. Kg2 Ngf6 27. Bf3 Nxg4 28.
Bxg4 Bxg4 29. Bg1 Rg8 30. Nd3 Bg7 31. e5 Qd7 32. e6 fxe6 33. Nf4 Be5 34. Bd4
Bxd4 35. dxe6 Qg7 36. Nxg6+ Qxg6 37. Qxd4+ Qg7 38. Qxg7+ Rxg7 39. Nd5 Rxe6 40.
Nf4 Rxe1 41. Rxe1 Nf6 0-1

[Event "13. Memorial Adolfo Pedrido"]
[Site "Villagarcía de Arosa ESP"]
[Date "2005.08.04"]
[Round "4.1"]
[White "Iotov, Valentin"]
[Black "Manolache, Marius"]
[Result "1-0"]
[WhiteElo "2447"]
[BlackElo "2462"]
[PlyCount "126"]
[EventDate "2005.08.01"]
[EventType "swiss"]
[EventRounds "9"]
[EventCountry "ESP"]
[Source "lmi"]
[SourceDate "2005.08.09"]

1. d4 Nf6 2. c4 c5 3. d5 e5 4. Nc3 d6 5. e4 Be7 6. g3 a6 7. a4 O-O 8. Bg2 Nbd7
9. Nge2 Ne8 10. O-O g6 11. Bh6 Ng7 12. Qd2 Rb8 13. b3 Nf6 14. h3 Kh8 15. Be3
Nfh5 16. f4 f5 17. fxe5 dxe5 18. d6 Qxd6 19. Qxd6 Bxd6 20. Rad1 Ne8 21. Bg5
Nhf6 22. exf5 gxf5 23. g4 Ng8 24. Ng3 h6 25. Bh4 f4 26. Nge4 Be7 27. Bxe7 Nxe7
28. Nxc5 Nf6 29. Rd6 Kg7 30. a5 Nc6 31. Bxc6 bxc6 32. Re1 f3 33. Kf2 Rf7 34.
Rxc6 Bxg4 35. Rg1 h5 36. Nd5 Rxb3 37. Nxb3 Ne4+ 38. Kf1 f2 39. Rg2 Rf3 40. hxg4
h4 41. Rf6 Rxb3 42. Rgxf2 h3 43. Kg1 Nxf6 44. Rxf6 Rg3+ 45. Kh2 Rxg4 46. Kxh3
Rxc4 47. Rxa6 e4 48. Kg3 Rc5 49. Ne3 Kf7 50. Kf4 Ke7 51. Kxe4 Kd7 52. Kd4 Rc1
53. Nc4 Kc7 54. Kc5 Rh1 55. Ra7+ Kb8 56. Rg7 Rh6 57. Nd6 Rh1 58. Kb6 Rh8 59. a6
Ka8 60. Nb5 Rh6+ 61. Ka5 Rh8 62. Ra7+ Kb8 63. Rb7+ Ka8 1-0

[Event "13. Memorial Adolfo Pedrido"]
[Site "Villagarcía de Arosa ESP"]
[Date "2005.08.04"]
[Round "4.2"]
[White "Espiñeira Gonzalez, Diego"]
[Black "Hernandez, Holden"]
[Result "0-1"]
[WhiteElo "2310"]
[BlackElo "2458"]
[PlyCount "78"]
[EventDate "2005.08.01"]
[EventType "swiss"]
[EventRounds "9"]
[EventCountry "ESP"]
[Source "lmi"]
[SourceDate "2005.08.09"]

1. e4 e5 2. Nf3 Nc6 3. Bb5 a6 4. Ba4 Nf6 5. O-O Be7 6. Re1 b5 7. Bb3 O-O 8. d3
d6 9. c3 Na5 10. Bc2 c5 11. Nbd2 Nc6 12. Nf1 Re8 13. h3 Bf8 14. Bg5 h6 15. Bh4
Be7 16. Ne3 g6 17. d4 exd4 18. cxd4 Nh5 19. Bxe7 Nxe7 20. Ng4 Bxg4 21. hxg4 Nf6
22. g5 hxg5 23. Nxg5 Nc6 24. Bb3 c4 25. Bc2 Qb6 26. Qf3 Kg7 27. Rad1 Ra7 28.
Qg3 Rae7 29. Nxf7 Nh5 30. Qxd6 Re6 31. Qh2 Kxf7 32. d5 Rf6 33. Rd2 Ne5 34. Bd1
Nd3 35. Bxh5 Nxf2 36. Bxg6+ Rxg6 37. Qh4 Rxe4 38. Rxe4 Nxe4+ 39. Kh2 Qd6+ 0-1

[Event "13. Memorial Adolfo Pedrido"]
[Site "Villagarcía de Arosa ESP"]
[Date "2005.08.04"]
[Round "4.3"]
[White "Astaneh Lopez, Alex"]
[Black "Abreu, Aryam"]
[Result "1/2-1/2"]
[WhiteElo "2304"]
[BlackElo "2442"]
[PlyCount "99"]
[EventDate "2005.08.01"]
[EventType "swiss"]
[EventRounds "9"]
[EventCountry "ESP"]
[Source "lmi"]
[SourceDate "2005.08.09"]

1. e4 c5 2. Nf3 d6 3. d4 cxd4 4. Nxd4 Nf6 5. Nc3 a6 6. g3 e5 7. Nde2 b5 8. Bg2
Be7 9. O-O O-O 10. a4 b4 11. Nd5 Nxd5 12. Qxd5 Ra7 13. Be3 Be6 14. Qd3 Rb7 15.
b3 Qa5 16. f4 f6 17. f5 Bf7 18. Rad1 Rd8 19. Rd2 Nd7 20. Nc1 Rc7 21. Qe2 Rdc8
22. Rfd1 Rc6 23. Nd3 Rb8 24. Ba7 Rb7 25. Bf2 Qd8 26. Bf3 Kh8 27. Bh5 Bg8 28.
Ne1 Qc8 29. Bf3 Rbc7 30. h4 Qb7 31. h5 h6 32. Be3 Rc3 33. Rd3 Rxd3 34. Nxd3 Nc5
35. Nf2 Bf7 36. Rd2 Nd7 37. Kh2 Rc6 38. Qd1 Qb8 39. Nd3 Bd8 40. Rg2 a5 41. Nb2
Bb6 42. Bxb6 Nxb6 43. Rd2 Qc7 44. Kh3 Kh7 45. Be2 Rc3 46. Rxd6 Rxc2 47. Bc4
Rxb2 48. Bxf7 Qxf7 49. Rxb6 Qc7 50. Qg4 1/2-1/2

[Event "13. Memorial Adolfo Pedrido"]
[Site "Villagarcía de Arosa ESP"]
[Date "2005.08.04"]
[Round "4.5"]
[White "Casares Cabanas, Carlos"]
[Black "Dimitrov, Vladimir"]
[Result "0-1"]
[WhiteElo "2116"]
[BlackElo "2418"]
[PlyCount "58"]
[EventDate "2005.08.01"]
[EventType "swiss"]
[EventRounds "9"]
[EventCountry "ESP"]
[Source "lmi"]
[SourceDate "2005.08.09"]

1. e4 c5 2. Nf3 e6 3. d4 cxd4 4. Nxd4 Nc6 5. Be3 Nf6 6. Nc3 a6 7. Bd3 Qc7 8.
O-O Ne5 9. h3 Bc5 10. Kh1 d6 11. f4 Ng6 12. Qe1 Bd7 13. f5 Ne5 14. Qh4 Qb6 15.
fxe6 fxe6 16. Rxf6 gxf6 17. Nxe6 Bxe6 18. Qxf6 Kd7 19. Na4 Bxe3 20. Nxb6+ Bxb6
21. Rd1 Rhf8 22. Qh6 Rf7 23. Be2 Raf8 24. Qd2 Bc7 25. Qc3 Rf2 26. Qxe5 Rxe2 27.
Qh5 Rff2 28. Qxh7+ Kc6 29. Qg6 Bxh3 0-1

[Event "13. Memorial Adolfo Pedrido"]
[Site "Villagarcía de Arosa ESP"]
[Date "2005.08.04"]
[Round "4.6"]
[White "Garcia Castro, Pablo"]
[Black "Pena Torres, Jose Carlos"]
[Result "1-0"]
[WhiteElo "2377"]
[BlackElo "2110"]
[PlyCount "65"]
[EventDate "2005.08.01"]
[EventType "swiss"]
[EventRounds "9"]
[EventCountry "ESP"]
[Source "lmi"]
[SourceDate "2005.08.09"]

1. e4 e6 2. d3 b6 3. Nf3 Bb7 4. c3 Nf6 5. Nbd2 d6 6. g3 Nbd7 7. Bg2 Be7 8. O-O
O-O 9. Qe2 a5 10. b3 c5 11. a4 Qc7 12. Bb2 Rad8 13. Rac1 Ba6 14. c4 e5 15. Nh4
Bc8 16. Nf5 Nb8 17. Ne3 Nc6 18. f4 exf4 19. gxf4 Rde8 20. Kh1 Be6 21. Rg1 Kh8
22. Bf3 Rg8 23. Rg3 Nd4 24. Qg2 Ref8 25. Rg1 Ne8 26. f5 Bc8 27. Bd1 Bf6 28. Nd5
Qd8 29. Nxf6 Qxf6 30. Nf3 Bb7 31. Nxd4 cxd4 32. Qf2 d5 33. cxd5 1-0

[Event "13. Memorial Adolfo Pedrido"]
[Site "Villagarcía de Arosa ESP"]
[Date "2005.08.04"]
[Round "4.7"]
[White "Espiñeira Gonzalez, Pablo"]
[Black "Gongora, Maikel"]
[Result "0-1"]
[WhiteElo "2158"]
[BlackElo "2456"]
[PlyCount "122"]
[EventDate "2005.08.01"]
[EventType "swiss"]
[EventRounds "9"]
[EventCountry "ESP"]
[Source "lmi"]
[SourceDate "2005.08.09"]

1. c4 e6 2. Nc3 d5 3. cxd5 exd5 4. d4 c6 5. g3 Bf5 6. Bg2 Nf6 7. Bg5 Nbd7 8.
Nf3 Bd6 9. Nh4 Be6 10. O-O h6 11. Bxf6 Nxf6 12. a3 O-O 13. b4 a6 14. Na4 b5 15.
Nc5 Bxc5 16. dxc5 a5 17. Qd4 Qc7 18. f4 Rfe8 19. e3 Ra7 20. Rae1 axb4 21. axb4
Ra2 22. f5 Bc8 23. e4 dxe4 24. Bxe4 Rd8 25. Qe3 Rdd2 26. Bg2 Qd8 27. Bxc6 Kh7
28. Bf3 Rxh2 29. Ng2 Rh3 30. Rf2 Rxf2 31. Qxf2 Nh5 32. Bg4 Rxg3 33. Bxh5 Rg5
34. Bxf7 Bxf5 35. Be6 Bg6 36. Bb3 Qd3 37. Qe3 Qd7 38. Qe6 Qd4+ 39. Re3 Bf7 40.
Bc2+ Kh8 41. Qe4 Rxg2+ 42. Kh1 Qxe4 43. Bxe4 Rb2 44. Ra3 g5 45. c6 Rxb4 46. c7
Be6 47. Ra8+ Kg7 48. Re8 Rxe4 49. Re7+ Kf8 50. Rxe6 Rc4 51. Rxh6 Rxc7 52. Rb6
Rc5 53. Kg2 Ke7 54. Kf3 Re5 55. Kg4 Kd7 56. Rg6 Kc7 57. Rh6 b4 58. Rf6 b3 59.
Rf3 Rb5 60. Rc3+ Kb6 61. Rc1 b2 0-1

[Event "13. Memorial Adolfo Pedrido"]
[Site "Villagarcía de Arosa ESP"]
[Date "2005.08.04"]
[Round "4.8"]
[White "Campos Calvo-Sotelo, Javier"]
[Black "Danilov, Vladimir"]
[Result "1-0"]
[WhiteElo "2117"]
[BlackElo "2363"]
[PlyCount "88"]
[EventDate "2005.08.01"]
[EventType "swiss"]
[EventRounds "9"]
[EventCountry "ESP"]
[Source "lmi"]
[SourceDate "2005.08.09"]

1. d4 d5 2. Nf3 c6 3. g3 Bf5 4. Bg2 h6 5. O-O Nf6 6. c4 e6 7. Nc3 Nbd7 8. b3
Be7 9. Bb2 O-O 10. Nd2 Rc8 11. e4 Nxe4 12. Ndxe4 dxe4 13. Nxe4 Nf6 14. Qe2 Nxe4
15. Bxe4 Bxe4 16. Qxe4 Bf6 17. Rfd1 Rc7 18. Rd3 Rd7 19. Rad1 Qa5 20. a3 Rfd8
21. b4 Qa6 22. Rc1 b5 23. cxb5 cxb5 24. Rc5 Qb7 25. Qxb7 Rxb7 26. Rc6 Rd5 27.
f4 Rbd7 28. Rc8+ Kh7 29. Kf2 g5 30. fxg5 hxg5 31. Rc5 Kg6 32. g4 Bd8 33. Rxd5
Rxd5 34. Re3 Bb6 35. Re4 Bc7 36. h3 Bb6 37. Ke3 e5 38. Kd3 exd4 39. Re8 f6 40.
Re7 Rd8 41. Re4 Rh8 42. Bxd4 Rxh3+ 43. Kd2 Bxd4 44. Rxd4 Rxa3 1-0

[Event "13. Memorial Adolfo Pedrido"]
[Site "Villagarcía de Arosa ESP"]
[Date "2005.08.04"]
[Round "4.9"]
[White "Pena Gomez, Manuel"]
[Black "Patiño Romaris, Roberto"]
[Result "1/2-1/2"]
[WhiteElo "2297"]
[BlackElo "2188"]
[PlyCount "69"]
[EventDate "2005.08.01"]
[EventType "swiss"]
[EventRounds "9"]
[EventCountry "ESP"]
[Source "lmi"]
[SourceDate "2005.08.09"]

1. e4 e6 2. d4 d5 3. Nc3 Bb4 4. e5 Ne7 5. a3 Bxc3+ 6. bxc3 c5 7. h4 Qc7 8. Bd2
Bd7 9. h5 h6 10. Qg4 Nf5 11. Bd3 Rg8 12. Qf4 Qb6 13. Nf3 c4 14. Bxf5 exf5 15.
Ke2 Nc6 16. Rhb1 Qa6 17. e6 fxe6 18. Qc7 Rc8 19. Qg3 Ke7 20. Bf4 Be8 21. Bd6+
Kd8 22. Kf1 b5 23. Ne5 Ra8 24. Re1 Nxe5 25. Rxe5 Bd7 26. Rae1 Qa4 27. Qg6 Re8
28. Qxg7 Qxc2 29. Rxe6 Qd3+ 30. Kg1 Rxe6 31. Qf8+ Be8 32. Rxe6 Qd1+ 33. Kh2
Qxh5+ 34. Kg3 Qg4+ 35. Kh2 1/2-1/2

[Event "13. Memorial Adolfo Pedrido"]
[Site "Villagarcía de Arosa ESP"]
[Date "2005.08.04"]
[Round "4.10"]
[White "Rodriguez Calvo, Manoel"]
[Black "Zurano Lopez, Pedro"]
[Result "1/2-1/2"]
[WhiteElo "2119"]
[BlackElo "2253"]
[PlyCount "128"]
[EventDate "2005.08.01"]
[EventType "swiss"]
[EventRounds "9"]
[EventCountry "ESP"]
[Source "lmi"]
[SourceDate "2005.08.09"]

1. e4 c6 2. d4 d5 3. Nd2 dxe4 4. Nxe4 Nd7 5. Ng5 Nb6 6. N1f3 g6 7. Bf4 Bg7 8.
c3 Nd5 9. Bd2 Nh6 10. c4 Nf6 11. Bc3 O-O 12. h3 Qc7 13. Bd3 Bd7 14. Qe2 e6 15.
O-O Nh5 16. Ne4 Nf4 17. Qc2 Rfd8 18. d5 Nh5 19. d6 Qb8 20. Bxg7 Nxg7 21. Nf6+
Kh8 22. c5 Be8 23. Qd2 Ng8 24. Nxe8 Nxe8 25. Qc3+ Ngf6 26. Qe5 a5 27. Ng5 Kg8
28. Bc4 Nd7 29. Qe3 Ng7 30. Rac1 Nf5 31. Qa3 Ng7 32. Ne4 b6 33. cxb6 Qxb6 34.
Qc3 Nf5 35. Rfd1 c5 36. g4 Ng7 37. Be2 Rac8 38. a4 Qc6 39. Qc2 f5 40. Ng5 Nb6
41. Bb5 Qb7 42. Qe2 Nd5 43. Nxe6 Rxd6 44. Nxc5 Qb6 45. Nd7 Qd8 46. Rxc8 Qxc8
47. Rxd5 Rxd5 48. Nf6+ Kh8 49. Nxd5 fxg4 50. hxg4 h5 51. Qc4 Qd8 52. Qe4 Qg5
53. Ne3 Kh7 54. Kf1 h4 55. Kg2 Nh5 56. Nd5 Qxd5 57. Qxd5 Nf4+ 58. Kh2 Nxd5 59.
Bc6 Nb4 60. Be4 Kh6 61. Kh3 Kg5 62. f3 Na6 63. Bc6 Nb4 64. Be4 Na6 1/2-1/2

[Event "13. Memorial Adolfo Pedrido"]
[Site "Villagarcía de Arosa ESP"]
[Date "2005.08.05"]
[Round "5.1"]
[White "Dimitrov, Vladimir"]
[Black "Iotov, Valentin"]
[Result "1/2-1/2"]
[WhiteElo "2418"]
[BlackElo "2447"]
[PlyCount "40"]
[EventDate "2005.08.01"]
[EventType "swiss"]
[EventRounds "9"]
[EventCountry "ESP"]
[Source "lmi"]
[SourceDate "2005.08.09"]

1. e4 d6 2. d4 Nf6 3. f3 e5 4. dxe5 dxe5 5. Qxd8+ Kxd8 6. Bc4 Be6 7. Bxe6 fxe6
8. Be3 Nbd7 9. Nh3 Bd6 10. Nf2 Ke7 11. Nd3 a6 12. Nd2 h6 13. a4 g5 14. Ke2 g4
15. fxg4 Nxg4 16. h3 Nxe3 17. Kxe3 Nc5 18. Nf3 Nxd3 19. Kxd3 Rhg8 20. g4 Raf8
1/2-1/2

[Event "13. Memorial Adolfo Pedrido"]
[Site "Villagarcía de Arosa ESP"]
[Date "2005.08.05"]
[Round "5.2"]
[White "Hernandez, Holden"]
[Black "Garcia Castro, Pablo"]
[Result "1-0"]
[WhiteElo "2458"]
[BlackElo "2377"]
[PlyCount "85"]
[EventDate "2005.08.01"]
[EventType "swiss"]
[EventRounds "9"]
[EventCountry "ESP"]
[Source "lmi"]
[SourceDate "2005.08.09"]

1. e4 e5 2. Nf3 d6 3. d4 exd4 4. Qxd4 Nf6 5. Nc3 Be7 6. Bb5+ c6 7. Be2 O-O 8.
O-O c5 9. Qd3 Nc6 10. Bg5 Be6 11. Rad1 Qa5 12. a3 Rad8 13. Nd5 Bxd5 14. exd5
Ne5 15. Nxe5 dxe5 16. Qf5 Nxd5 17. Rxd5 Bxg5 18. Rxe5 Bh6 19. Rxc5 Qd2 20. Bc4
g6 21. Qf3 Rd7 22. g3 Bg7 23. b4 b6 24. Rc6 Bb2 25. Rb1 Bg7 26. h4 Kh8 27. Bd3
Re7 28. Kg2 f5 29. h5 gxh5 30. Qxh5 Bd4 31. Qf3 Rg7 32. Be2 Qg5 33. Rh1 f4 34.
Qe4 fxg3 35. Qf3 Qe7 36. Bd3 Qe5 37. Rh5 Qe8 38. Rch6 Rff7 39. c3 Be5 40. Be4
Qb8 41. Bxh7 Bf4 42. Bg6+ Bxh6 43. Rxh6+ 1-0

[Event "13. Memorial Adolfo Pedrido"]
[Site "Villagarcía de Arosa ESP"]
[Date "2005.08.05"]
[Round "5.3"]
[White "Gongora, Maikel"]
[Black "Astaneh Lopez, Alex"]
[Result "1/2-1/2"]
[WhiteElo "2466"]
[BlackElo "2304"]
[PlyCount "50"]
[EventDate "2005.08.01"]
[EventType "swiss"]
[EventRounds "9"]
[EventCountry "ESP"]
[Source "lmi"]
[SourceDate "2005.08.09"]

1. e4 c5 2. Nf3 d6 3. d4 cxd4 4. Nxd4 Nf6 5. Nc3 a6 6. Bg5 e6 7. f4 Nbd7 8. Qf3
Be7 9. O-O-O Qc7 10. g4 h6 11. Bxf6 Bxf6 12. h4 g5 13. hxg5 hxg5 14. Rxh8+ Bxh8
15. Qh3 Bxd4 16. Rxd4 gxf4 17. Qh8+ Nf8 18. e5 dxe5 19. Rc4 Qb6 20. Ne4 Qg1 21.
Nd6+ Ke7 22. Nxc8+ Rxc8 23. Rxc8 Qxf1+ 24. Kd2 Qf2+ 25. Kd3 Qf1+ 1/2-1/2